Statystyki dla Piłkarze Manchesteru City

Kliknij tutaj aby rozwiązać quiz!

Ogólne statystyki

  • Ten quiz został rozwiązany 51 razy
  • Średni wynik to 17 z 22

Statystyki odpowiedzi

PiłkarzNarodowośćPozycja% Poprawnych
EdersonBrazyliaBramkarz
100%
De BruyneBelgiaPomocnik
98%
HaalandNorwegiaNapastnik
95%
AkeHolandiaObrońca
93%
SilvaPortugaliaPomocnik
93%
DiasPortugaliaObrońca
90%
GvardiolChorwacjaObrońca
90%
RodriHiszpaniaPomocnik
90%
StonesAngliaObrońca
88%
AkanjiSzwajcariaObrońca
85%
FodenAngliaNapastnik
83%
GrealishAngliaNapastnik
83%
KovacicChorwacjaPomocnik
83%
WalkerAngliaObrońca
83%
DokuBelgiaNapastnik
78%
OrtegaNiemcyBramkarz
75%
AlvarezAngliaNapastnik
68%
LewisAngliaObrońca
58%
NunesPortugaliaPomocnik
55%
BobbNorwegiaNapastnik
53%
CarsonAngliaBramkarz
50%
GomezHiszpaniaObrońca
45%

Rozkład punktacji

Percentyl według liczby udzielonych odpowiedzi

Procent ludzi z każdym wynikiem

Twoja historia wyników

Nie rozwiązałeś tego quizu